Computer Fundamentals with Application Software
Na minha lista:
| Autor principal: | |
|---|---|
| Outros Autores: | |
| Formato: | Livro |
| Idioma: | inglês |
| Publicado em: |
Boston
Boyd and Fraser Publ. Co.
1986
|
| Edição: | 1. ed. |
| Assuntos: | |
| Tags: |
Sem tags, seja o primeiro a adicionar uma tag!
|
MARC
| LEADER | 00000nam a2200000 4500 | ||
|---|---|---|---|
| 001 | c001175 | ||
| 005 | 20221207073405.4 | ||
| 020 | |a 0-87835-188-4 | ||
| 041 | 0 | |a eng | |
| 044 | |a US | ||
| 245 | 1 | 0 | |a Computer Fundamentals with Application Software |c Gary B. Shelly, Thomas J. Cashman |
| 250 | |a 1. ed. | ||
| 264 | 1 | |a Boston |b Boyd and Fraser Publ. Co. |c 1986 | |
| 300 | |a Prer. s. | ||
| 610 | 2 | 0 | |a počítače |
| 610 | 2 | 0 | |a spracovanie dát |
| 610 | 2 | 0 | |a báza dát |
| 610 | 2 | 0 | |a jazyky programovacie |
| 610 | 2 | 0 | |a systémy počítačové telekomunikačné |
| 610 | 2 | 0 | |a systémy operačné |
| 610 | 2 | 0 | |a programy aplikačné |
| 100 | 1 | |a Shelly, Gary B. | |
| 700 | 1 | |a Cashman, Thomas J. | |